LEADER 01725nam a2200337 a 4500 001 000000116606 003 CaOOAMICUS 005 20150302132158.0 008 090709s1982 gw u000 u lat r 040 $aPUL$bita 100 1 $aCusanus, Nicolaus,$ccard.,$d1401-1464.$0(OLS)http://pul/name/725 245 10$aNicolai de Cusa De Venatione sapientiae. De apice theoriae / $cediderunt commentariisque illustraverunt Raymundus Klibansky et Iohannes Gerhardus Senger. 246 3 $aDe venatione sapientiae 246 3 $aDe apice theoriae 260 $aHamburgi :$bin aedibus Felicis Meiner,$c1982. 300 $axxx, 249 p. ;$c29 cm. 490 1 $aNicolai de Cusa Opera omnia ;$v12 700 1 $aKlibansky, Raymond,$d1905-2005.$0(OLS)http://pul/name/38325 700 1 $aSenger, Hans Gerhard.$0(OLS)http://pul/name/13471 800 1 $aCusanus, Nicolaus,$ccard.,$d1401-1464.$tOpera omnia ;$v12.$0(OLS)http://pul/nameTitle/969$0(OLS)http://pul/name/725$0(OLS)http://pul/title/2415 830 0$aNicolai de Cusa Opera omnia ;$v12.$0(OLS)http://pul/title/179744 850 $aPUL 852 $aPUL$W1$xSL Religione 2$y84$mTheol D1 1.12$j133646$qStampati Altre Collocazioni$B132678$CPULBib$Z2$F132678 $H56388 $82 900 $aNiccolò Cusano$9725 900 $aCusano, Niccolò$9725 900 $aNiccolò Cusano$9725 900 $aCusano, Niccolò$9725 996 $6246$aDe venatione sapientiae$9(OLS)http://pul/title/146557 996 $6246$aDe apice theoriae$9(OLS)http://pul/title/146556 996 $6245$aNicolai de Cusa De Venatione sapientiae. De apice theoriae / $9(OLS)http://pul/title/146555 996 $6260$aHamburgi :$bin aedibus Felicis Meiner$9(OLS)http://pul/publisher/70046 LEADER 01011nam a2200265 a 4500 001 000000167066 003 CaOOAMICUS 005 20180413111522.0 008 180413s1983 it u000 u ita r 032 $aLibriCat 040 $aPUL$bita 100 1 $aJahier, Piero.$0(OLS)http://pul/name/107735 245 10$aCon me /$cPiero Jahier ; a cura di Ottavio Cecchi e Enrico Ghidetti. 260 $aRoma :$bEditori Riuniti,$c1983. 300 $aXX, 345 p. ;$c20 cm. 490 1 $aDavid ;$v75 700 1 $aCecchi, Ottavio.$0(OLS)http://pul/name/87363 700 1 $aGhidetti, Enrico.$0(OLS)http://pul/name/66399 830 0$aDavid (Editori riuniti) ;$v75.$0(OLS)http://pul/title/171165 850 $aPUL 852 $aPUL$W1$xDP1 Fondo Dalla Palma$y117$m2 A 99$j156328$qFondi$B194608$CPULBib$Z2$F194608 $HDal1296 $81 941 1 $a1 996 $6245$aCon me$9(OLS)http://pul/title/206911 996 $6260$aRoma :$bEditori Riuniti$9(OLS)http://pul/publisher/54152